Projective planes /

Guardado en:
Autor Principal: Hughes, D. R.
Otros Autores: Piper, F. C. 1940-
Formato: Libro
Idioma:English
Publicado: New York : Springer-Verlag, c1973.
Series:Graduate texts in mathematics ; 6
Materias:
Etiquetas: Agregar Etiqueta
Sin Etiquetas, Sea el primero en etiquetar este registro!
LEADER 00857cam a2200265 a 4500
001 MAT.inmabb003078
008 730615s1973####nyua#####b####001#0#eng##
005 20160808161747.0
245 1 0 |a Projective planes /  |c D. R. Hughes, F. C. Piper. 
260 |a New York :  |b Springer-Verlag,  |c c1973. 
300 |a x, 291 p. :  |b il. ;  |c 25 cm. 
440 0 |a Graduate texts in mathematics ;  |v 6 
500 |a "Corrected 2nd printing, 1982". 
504 |a Incluye referencias bibliográficas. 
510 4 |a MR,  |c 48 #12278 
020 |a 0387900438 
020 |a 0387900446 (pbk.) 
100 1 |a Hughes, D. R.  |q (Daniel R.) 
700 1 |a Piper, F. C.  |q (Frederick Charles),  |d 1940- 
650 0 |a Geometry, Projective. 
650 0 |a Rings (Algebra) 
084 |a 51A35  |2 msc2000 
010 |a  72075719  
040 |a DLC  |c DLC  |d ICU  |d DLC 
859 |h 51  |i H893  |p A-6013  |b BIB. MATEMATICA